000
00260nam a22001217a 4500
082
_a
355.02 SLI'U
100
_a
SLIM, SIR WILLIAM
_9
46240
245
_a
UNOFFICIAL HISTORY
250
_a
4TH
260
_a
LONDON
_b
CASSELL
_c
1960
300
_a
242P
942
_c
BK
999
_c
582917
_d
582917